[Event "EU-chT prel"]
[Site "Aarhus"]
[Date "1971.09.09"]
[Round "5"]
[White "Holm, Sejer"]
[Black "Liebert, Heinz"]
[Result "1-0"]
[WhiteElo "2390"]
[BlackElo "2420"]

1.d4 Nf6 2.c4 g6 3.Nc3 d5 4.cxd5 Nxd5 5.e4 Nxc3 6.bxc3 Bg7 7.Bb5+ Nd7 8.Ne2 O-O
9.O-O a6 10.Bd3 c5 11.Bg5 b5 12.Rb1 h6 13.Bh4 g5 14.Bg3 e5 15.a4 c4 16.Bc2 Qb6
17.dxe5 Nxe5 18.axb5 Bg4 19.bxa6 Qa7 20.Rb5 Rad8 21.Rd5 Rxd5 22.exd5 Qxa6
23.f3 Bc8 24.Qd2 Nd3 25.Rd1 Bf5 26.Nc1 Rd8 27.d6 Bf8 28.Nxd3 cxd3 29.Bxd3 Qb6+
30.Kh1 Be6 31.Bc2 Bg7 32.f4 Qc5 33.f5 Bxc3 34.Qd3 Bd7 35.f6 Bxf6 36.Qh7+ Kf8
37.Bb3 Bg7 38.Rf1 Be8 39.Qe4 Rxd6 40.Bxf7 Bxf7 41.Bxd6+ Qxd6 42.Qa8+  1-0

[Event "DEN-ch"]
[Site "Hjorring"]
[Date "1971.??.??"]
[Round "11"]
[White "Hvenekilde, Jorgen"]
[Black "Jakobsen, Ole"]
[Result "1/2-1/2"]
[WhiteElo "2260"]
[BlackElo "2430"]

1.d4 g6 2.c4 Nf6 3.Nc3 d5 4.cxd5 Nxd5 5.e4 Nxc3 6.bxc3 Bg7 7.Ba3 O-O 8.Nf3 Nd7
9.Be2 c5 10.O-O b6 11.e5 e6 12.Qd2 Bb7 13.Rfd1 Qc7 14.Rac1 Rad8 15.Qe3 Qc6
16.Rd2 Rfe8 17.Rcd1 Rc8 18.Bf1 Qa4 19.Bc1 Qa5 20.Ng5 h6 21.Nh3 cxd4 22.cxd4 Rc3
23.Rd3 Rec8 24.Rxc3 Qxc3 25.Nf4 Qc2 26.Qb3 Bf8 27.Be3 g5 28.Nh5 a6 29.h4 Be7
30.hxg5 hxg5 31.Rc1 Qxb3 32.Rxc8+ Bxc8 33.axb3 Bb7 34.g4 b5 35.Bg2 Bxg2  1/2-1/2

[Event "Buenos Aires CA"]
[Site "Buenos Aires"]
[Date "1972.??.??"]
[Round "5"]
[White "Carbone"]
[Black "Rubinetti, Jorge A"]
[Result "1/2-1/2"]
[WhiteElo "2220"]
[BlackElo "2410"]

1.d4 Nf6 2.c4 g6 3.Nc3 d5 4.cxd5 Nxd5 5.e4 Nxc3 6.bxc3 Bg7 7.Bc4 O-O 8.Ne2 Nc6
9.O-O b6 10.Be3 Bb7 11.f4 Na5 12.Bd3 f5 13.Ng3 e6 14.Rc1 Qd7 15.Qe2 Rad8
16.Rfd1 Qc8 17.Kh1 c5 18.Qf2 c4 19.Bc2 Qd7 20.Re1 Rde8 21.Rcd1 fxe4 22.Nxe4 Bd5
23.Qg3 Nc6 24.Bc1 b5 25.Ng5 Bf6 26.Ba3 b4 27.Bxb4 Nxb4 28.cxb4 Rb8 29.a3 a5
30.bxa5 Rb2 31.Be4 Bxg5 32.Qxg5 c3 33.Bxd5 c2 34.Rc1 Qxd5 35.Qxd5 exd5 36.Re2 Rxf4
37.g3 Rxd4 38.Rexc2 Rxc2 39.Rxc2 Ra4 40.Rd2 Rxa5 41.Kg2 Kf7 42.Rd3 Ke6 43.Kf3 Ke5
44.Ke3 Ra4 45.Rb3 h5 46.h3 h4 47.gxh4 Rxh4 48.Kd2 Rd4+ 49.Ke3 Rd1 50.Ke2 Rh1
51.Rg3 Rh2+ 52.Kd3 Ra2 53.Rg5+ Kf6 54.Rxd5 Rxa3+ 55.Ke2 Rxh3 56.Kf2 Ra3 57.Kg2  1/2-1/2

[Event "Buenos Aires CA"]
[Site "Buenos Aires"]
[Date "1972.??.??"]
[Round "10"]
[White "Debarnot, Roberto"]
[Black "Pilnik, Herman"]
[Result "0-1"]
[WhiteElo "2375"]
[BlackElo "2450"]

1.d4 Nf6 2.c4 g6 3.Nc3 d5 4.cxd5 Nxd5 5.e4 Nxc3 6.bxc3 Bg7 7.Bc4 O-O 8.Ne2 b6
9.O-O Ba6 10.Bxa6 Nxa6 11.a4 c5 12.Qd3 Qc8 13.Ba3 Rd8 14.f4 e6 15.f5 exf5
16.exf5 Qb7 17.fxg6 hxg6 18.Rad1 cxd4 19.cxd4 Nc5 20.Qc4 Ne4 21.d5 Nf6 22.Nf4 Rac8
23.Qe2 Re8 24.Qf3 Ne4 25.Ne6 Rc3 26.Qxe4 Rxe6 27.Qh4 Re2 28.Qd8+ Kh7 29.Qh4+ Kg8
30.Qd8+ Kh7 31.Rf3 Rxf3 32.gxf3 Qa6 33.Qh4+ Kg8 34.Rc1 Re8 35.Qc4 Qa5 36.Qb5 Re1+
37.Kg2 Qd2+ 38.Kh3 Qh6+ 39.Kg2 Qg5+ 40.Kh3 Rxc1 41.Qe8+ Kh7 42.Bxc1 Qxc1
43.Qxf7 Qf1+ 44.Kg3 Qg1+ 45.Kh3 Qd4 46.f4 Qxa4  0-1

[Event "Esbjerg op"]
[Site "Esbjerg"]
[Date "1972.??.??"]
[Round "7"]
[White "Hvenekilde, Jorgen"]
[Black "Jakobsen, Ole"]
[Result "0-1"]
[WhiteElo "2260"]
[BlackElo "2430"]

1.d4 Nf6 2.c4 g6 3.Nc3 d5 4.cxd5 Nxd5 5.e4 Nxc3 6.bxc3 Bg7 7.Bc4 O-O 8.Ne2 Nc6
9.O-O b6 10.Ba3 Bb7 11.f4 Na5 12.Bd3 c5 13.dxc5 Qc7 14.Qe1 bxc5 15.Qf2 Rac8
16.Rad1 Rfd8 17.Bc1 e6 18.e5 f6 19.exf6 Bxf6 20.Qg3 Bd5 21.Qg4 Qg7 22.Bb1 Nc4
23.Kh1 Nd6 24.Qh3 Nf5 25.Bd2 Rb8 26.Ng1 Rb2 27.Rf2 Qb7 28.Bxf5 exf5 29.Qe3 Be4
30.Qxc5 Bxg2+ 31.Rxg2 Rbxd2 32.Rxd2 Rxd2 33.Ne2 Qb1+ 34.Ng1 Qe4 35.Qc8+ Kg7  0-1

[Event "WchT U26"]
[Site "Graz"]
[Date "1972.??.??"]
[Round "2"]
[White "Halldorsson, Bragi"]
[Black "Stean, Michael"]
[Result "0-1"]
[WhiteElo "2200"]
[BlackElo "2275"]

1.d4 Nf6 2.c4 g6 3.Nc3 d5 4.cxd5 Nxd5 5.e4 Nxc3 6.bxc3 Bg7 7.Bc4 O-O 8.Ne2 Nc6
9.O-O b6 10.Be3 Bb7 11.f4 Na5 12.Bd3 f5 13.exf5 Qd5 14.Rf3 gxf5 15.Qe1 Nc4
16.Bf2 Rf6 17.Ng3 Qf7 18.Bxc4 Qxc4 19.Re3 e6 20.Nh5 Rg6 21.Rg3 Qc6 22.Qe3 Bh8
23.Re1 Kf7 24.Re2 Rxg3 25.Bxg3 Kg6 26.Qxe6+ Qxe6 27.Rxe6+ Kxh5 28.Re7 Rc8
29.Rxh7+ Kg6 30.Re7 Bf6 31.Re2 Be4 32.Be1 c5 33.dxc5 Rxc5 34.Re3 Ra5 35.g4 Rxa2
36.h4 Rg2+  0-1

[Event "WchT U26"]
[Site "Graz"]
[Date "1972.??.??"]
[Round "3"]
[White "Tsouros, Georgios"]
[Black "Sax, Gyula"]
[Result "0-1"]
[WhiteElo "2200"]
[BlackElo "2445"]

1.d4 Nf6 2.c4 g6 3.Nc3 d5 4.cxd5 Nxd5 5.e4 Nxc3 6.bxc3 Bg7 7.Bc4 c5 8.Ne2 Nc6
9.Be3 O-O 10.O-O Qc7 11.Rc1 Na5 12.Bd3 b6 13.f3 Bb7 14.Qe1 Qd7 15.Qf2 Rac8
16.Rfd1 cxd4 17.cxd4 Qa4 18.Bb1 Rc4 19.Qe1 Rfc8 20.Rxc4 Nxc4 21.Bf2 Na3 22.Rc1 Rxc1
23.Qxc1 Ba6 24.Nc3 Qc4 25.Qe1 Nxb1 26.Nxb1 Bxd4 27.Bxd4 Qxd4+ 28.Kh1 Qa1
29.Qd1 Qxa2 30.Nc3 Qc4 31.Nd5 Kf8 32.Ne3 Qc3 33.Nd5 Qd3  0-1

[Event "WchT U26"]
[Site "Graz"]
[Date "1972.??.??"]
[Round "3"]
[White "Karpov, Anatoly"]
[Black "Adorjan, Andras"]
[Result "1/2-1/2"]
[WhiteElo "2630"]
[BlackElo "2475"]

1.d4 Nf6 2.c4 g6 3.Nc3 d5 4.cxd5 Nxd5 5.e4 Nxc3 6.bxc3 Bg7 7.Bc4 c5 8.Ne2 Nc6
9.Be3 O-O 10.O-O cxd4 11.cxd4 Na5 12.Rc1 Nxc4 13.Rxc4 b6 14.Qa4 Qd7 15.Qa3 Qb5
16.Rfc1 e6 17.Nf4 Bb7 18.Rc7 Bxe4 19.Nxe6 Rfe8 20.Nxg7 Kxg7 21.Bf4 Qf5 22.Be5+ Kg8
23.h4 Bd5 24.f3 f6 25.Bg3 Re2 26.Re7 Rxe7 27.Qxe7 Qe6 28.Qc7 Qf7 29.Qf4 Re8
30.Rc7 Re7 31.Rc8+ Re8 32.Rxe8+ Qxe8 33.Qxf6 Qf8 34.Qe5 Bxa2 35.Qc7 Bf7 36.Qxa7 b5
37.Qb6 Bc4 38.Qc6 Qd8 39.Qc5 Kf7 40.h5 Qe7 41.Qc6 Qe3+  1/2-1/2

[Event "WchT U26"]
[Site "Graz"]
[Date "1972.??.??"]
[Round "8"]
[White "Bjerre, Troels"]
[Black "Agur, Elieser"]
[Result "0-1"]
[WhiteElo "2320"]
[BlackElo "2200"]

1.d4 Nf6 2.c4 g6 3.Nc3 d5 4.cxd5 Nxd5 5.e4 Nxc3 6.bxc3 Bg7 7.Bc4 O-O 8.Ne2 Nc6
9.O-O b6 10.Be3 Bb7 11.Qd2 Na5 12.Bd3 c5 13.Bh6 Bxh6 14.Qxh6 e6 15.e5 f5
16.Nf4 Qe7 17.h4 cxd4 18.h5 Qh4 19.cxd4 Rf7 20.Rfd1 Re8 21.Rac1 Rg7 22.Bf1 g5
23.Qf6 Qxf4 24.Bb5 Ree7 25.Rc7 Rgf7 26.Rxe7 Rxf6 27.exf6 Bxg2 28.d5 Bf3 29.Re8+ Kf7
30.dxe6+ Kxf6 31.Rf8+ Kxe6 32.Rdd8 Qg4+ 33.Kf1 Qg2+ 34.Ke1 Qg1+ 35.Kd2 Qxf2+
36.Kc1 Qc5+ 37.Kd2 Qxb5 38.Rde8+ Kd7 39.Rd8+ Kc7 40.Rc8+ Kb7 41.Rb8+ Ka6  0-1

[Event "WchT U26"]
[Site "Graz"]
[Date "1972.??.??"]
[Round "8"]
[White "Tukmakov, Vladimir B"]
[Black "Stean, Michael"]
[Result "1-0"]
[WhiteElo "2560"]
[BlackElo "2275"]

1.d4 Nf6 2.c4 g6 3.Nc3 d5 4.cxd5 Nxd5 5.e4 Nxc3 6.bxc3 Bg7 7.Bc4 O-O 8.Ne2 Nc6
9.O-O b6 10.Bg5 Na5 11.Bd3 c5 12.d5 Qd6 13.Rb1 e5 14.c4 f5 15.f3 f4 16.Bh4 Bf6
17.Be1 Nb7 18.Nc3 g5 19.Bc2 Qe7 20.Ba4 Nd6 21.Bc6 Rb8 22.Nb5 Kh8 23.Nxd6 Qxd6
24.Bc3 Rg8 25.g4 fxg3 26.hxg3 Bh3 27.Rf2 g4 28.f4 h5 29.Qd2 exf4 30.e5 Bxe5
31.Qxf4 Rg5 32.Re1  1-0

[Event "Las Palmas"]
[Site "Las Palmas"]
[Date "1972.??.??"]
[Round "3"]
[White "Valcarcel, J."]
[Black "Smyslov, Vassily"]
[Result "0-1"]
[WhiteElo "2200"]
[BlackElo "2620"]

1.d4 Nf6 2.c4 g6 3.Nc3 d5 4.cxd5 Nxd5 5.e4 Nxc3 6.bxc3 Bg7 7.Bc4 b6 8.Ne2 Bb7
9.Qd3 Nc6 10.h4 Na5 11.Bb5+ c6 12.Ba4 Qd7 13.h5 O-O-O 14.h6 Bf8 15.Bf4 f6
16.Qg3 Ba6 17.Rd1 e6 18.Qf3 Be7 19.O-O f5 20.exf5 gxf5 21.Rfe1 Bc4 22.Bb3 Nxb3
23.axb3 Bxb3 24.Ra1 Bd5 25.Qd3 c5 26.Be5 c4 27.Qc2 Bg5 28.Qa2 Rhg8 29.Qxa7 Qxa7
30.Rxa7 Rd7 31.Rea1 Rxa7 32.Rxa7 Bxh6 33.Rc7+ Kd8 34.Rxh7 Rxg2+ 35.Kf1 Rg6
36.Bc7+ Ke8 37.Nf4 Bxf4 38.Bxf4 Be4 39.Ke2 Bd3+ 40.Kd2 Rg2 41.Ke3 Rg1 42.Rh8+ Kd7
43.Rh7+ Kc6 44.Rc7+ Kb5 45.Bd6 Be4 46.Ra7 Rd1 47.Bb4 Rd3+ 48.Kf4 Rxd4 49.cxd4 Kxb4
50.f3 Bd5 51.Ra1 Kc3 52.Ke3 b5 53.f4 b4  0-1

[Event "Rubinstein mem"]
[Site "Polanica Zdroj"]
[Date "1972.??.??"]
[Round "3"]
[White "Holm Petersen, Sejer"]
[Black "Smejkal, Jan"]
[Result "0-1"]
[WhiteElo "2395"]
[BlackElo "2545"]

1.d4 Nf6 2.c4 g6 3.Nc3 d5 4.cxd5 Nxd5 5.e4 Nxc3 6.bxc3 Bg7 7.Bb5+ c6 8.Ba4 O-O
9.Ne2 b6 10.O-O Ba6 11.Re1 Qc7 12.Be3 Nd7 13.Rc1 e5 14.Qd2 Rad8 15.Bg5 f6
16.Bb3+ Kh8 17.Bh6 Nc5 18.Bxg7+ Kxg7 19.Bc2 Bxe2 20.Rxe2 Rd7 21.Qe3 Ne6 22.Rd2 Rfd8
23.Rcd1 exd4 24.cxd4 Qf4 25.Qxf4 Nxf4 26.Kf1 Ne6 27.d5 cxd5 28.Bb3 Nc5 29.Rxd5 Rxd5
30.Rxd5 Re8 31.f3 Kf8 32.Kf2 Ke7 33.Bc4 Rc8 34.Bb5 a6 35.Be2 b5 36.Bd1 b4
37.Ke3 a5 38.Kd2 a4 39.Rd4 b3 40.axb3 a3 41.Kc2 Nxe4+ 42.Kb1 Nc3+ 43.Ka1 Nxd1
44.Rxd1 Rc2 45.Re1+ Kd6 46.Rd1+ Kc6 47.Re1 Rxg2 48.Re6+ Kc5 49.Rxf6 Rxh2
50.Ra6 Kb4 51.Rb6+ Kc3 52.f4 Rf2 53.Rb7 h5 54.Rb6 Rg2  0-1

[Event "Rubinstein mem"]
[Site "Polanica Zdroj"]
[Date "1972.??.??"]
[Round "5"]
[White "Razuvaev, Yuri S"]
[Black "Haag, Ervin"]
[Result "1/2-1/2"]
[WhiteElo "2490"]
[BlackElo "2440"]

1.d4 Nf6 2.c4 g6 3.Nc3 d5 4.cxd5 Nxd5 5.e4 Nxc3 6.bxc3 Bg7 7.Bc4 c5 8.Ne2 Nc6
9.Be3 O-O 10.O-O Qc7 11.Rc1 Rd8 12.f4 e6 13.Kh1 Na5 14.Bd3 b6 15.f5 exf5
16.exf5 Bb7 17.Bg5 Re8 18.Nf4 cxd4 19.cxd4 Qd6 20.Qg4 Rac8 21.Rce1 Qxd4 22.fxg6 hxg6
23.h4 Nc4 24.Bxc4 Qxc4 25.h5 gxh5 26.Qxh5 Be4 27.Kh2 Qc6 28.Qh4 Qd6 29.Re3 Rc3
30.Rff3 Rxe3 31.Rxe3 Kf8 32.Rg3 Bf5 33.Nh5 Re4 34.Bf4 Be5 35.Ng7 Bg6 36.Qh8+ Ke7
37.Qe8+ Kf6 38.Bxe5+ Qxe5 39.Qh8 Ke7 40.Qe8+ Kf6 41.Qh8  1/2-1/2

[Event "Rubinstein mem"]
[Site "Polanica Zdroj"]
[Date "1972.??.??"]
[Round "7"]
[White "Razuvaev, Yuri S"]
[Black "Smejkal, Jan"]
[Result "1/2-1/2"]
[WhiteElo "2490"]
[BlackElo "2545"]

1.d4 Nf6 2.c4 g6 3.Nc3 d5 4.cxd5 Nxd5 5.e4 Nxc3 6.bxc3 Bg7 7.Bc4 c5 8.Ne2 Nc6
9.Be3 O-O 10.O-O Qc7 11.Rc1 Rd8 12.f4 e6 13.g4 b6 14.Qe1 Na5 15.Bd3 f5 16.Qf2 fxg4
17.Qg2 Qe7 18.Rcd1 cxd4 19.cxd4 Qh4 20.Bf2 Qh3 21.Qxh3 gxh3 22.Bh4 Rd7 23.f5 exf5
24.exf5 Bxd4+ 25.Nxd4 Rxd4 26.Bg3 gxf5 27.Be5 Rg4+ 28.Bg3 Rg5 29.Rde1 h5
30.Kf2 Bb7 31.Re7 Rd8 32.Rd1 Kf8 33.Rh7 Rd4  1/2-1/2

[Event "Sarajevo"]
[Site "Sarajevo"]
[Date "1972.??.??"]
[Round "2"]
[White "Szabo, Laszlo"]
[Black "Hort, Vlastimil"]
[Result "1-0"]
[WhiteElo "2555"]
[BlackElo "2600"]

1.d4 Nf6 2.c4 g6 3.Nc3 d5 4.cxd5 Nxd5 5.e4 Nxc3 6.bxc3 Bg7 7.Bc4 c5 8.Ne2 Nc6
9.Be3 O-O 10.O-O Qc7 11.Rc1 Rd8 12.f4 Bg4 13.f5 Na5 14.Bd3 Qd7 15.d5 gxf5
16.c4 b5 17.h3 fxe4 18.Bxe4 Bh5 19.cxb5 Rac8 20.Qe1 Qxb5 21.Nf4 Bg6 22.Nxg6 fxg6
23.Bg5 Bf6 24.Bxf6 exf6 25.Bxg6 Rf8 26.Qg3 Kh8 27.Bxh7 Qb2 28.Bf5 Qd4+ 29.Kh1 Rg8
30.Qf3 Rce8 31.Qh5+ Kg7 32.Qh7+  1-0

[Event "Skopje ol (Men) fin-B"]
[Site "Skopje"]
[Date "1972.??.??"]
[Round "5"]
[White "Pesantes Carbajal, Carlos"]
[Black "Ogaard, Leif"]
[Result "1/2-1/2"]
[WhiteElo "2200"]
[BlackElo "2340"]

1.d4 Nf6 2.c4 g6 3.Nc3 d5 4.cxd5 Nxd5 5.e4 Nxc3 6.bxc3 Bg7 7.Bc4 O-O 8.Ne2 c5
9.O-O Nc6 10.Be3 Qc7 11.Rc1 Rd8 12.Qa4 Bd7 13.Qa3 Na5 14.Bd3 b6 15.dxc5 Be6
16.Rfd1 Bc4 17.Nf4 Bxd3 18.Rxd3 Nc4 19.Qa6 Nxe3 20.fxe3 Rxd3 21.Nxd3 bxc5
22.Qc4 Bh6 23.Re1 Rd8 24.Qxc5 Qxc5 25.Nxc5 Rc8 26.Nb3 Rxc3 27.Kf2 Kg7 28.e5 Bg5
29.Re2 e6 30.Kf3 Bd8 31.Ke4 Bb6 32.Nd4 Kf8 33.Nb5 Rc5 34.Nd4 Bc7 35.Nf3 h5
36.h3 Ke7 37.Rb2 a5 38.g4 hxg4 39.hxg4 Ke8 40.Rh2 Ke7 41.Rh8 Rc4+ 42.Nd4 Rc5
43.Nf3 Rc4+  1/2-1/2

[Event "Stary Smokovec"]
[Site "Stary Smokovec"]
[Date "1972.??.??"]
[Round "9"]
[White "Pribyl, Josef"]
[Black "Banas, Jan"]
[Result "1/2-1/2"]
[WhiteElo "2435"]
[BlackElo "2200"]

1.d4 Nf6 2.c4 g6 3.Nc3 d5 4.cxd5 Nxd5 5.e4 Nxc3 6.bxc3 Bg7 7.Bc4 O-O 8.Ne2 c5
9.O-O Nc6 10.Be3 Qc7 11.Rc1 Rd8 12.f4 Bg4 13.f5 gxf5 14.h3 Bxe2 15.Qxe2 cxd4
16.cxd4 Qd6 17.Rxf5 Nxd4 18.Bxf7+ Kh8 19.Bxd4 Bxd4+ 20.Kh1  1/2-1/2

[Event "SWE-ch"]
[Site "?"]
[Date "1972.??.??"]
[Round "2"]
[White "Uddenfeldt, Dan"]
[Black "Lekander, Rolf"]
[Result "1/2-1/2"]
[WhiteElo "2270"]
[BlackElo "2200"]

1.d4 Nf6 2.c4 g6 3.Nc3 d5 4.cxd5 Nxd5 5.e4 Nxc3 6.bxc3 Bg7 7.Bc4 O-O 8.Ne2 c5
9.Be3 Nc6 10.O-O Qc7 11.Rc1 Na5 12.Bd3 b6 13.f4 f5 14.exf5 Bxf5 15.Bxf5 Rxf5
16.Ng3 Rd5 17.Qf3 e6 18.c4 Rdd8 19.dxc5 bxc5 20.Ne4 Rac8 21.Qh3 Qe7 22.Ng5 Bf6
23.Nf3 Nc6 24.Rce1 Rd3 25.Bf2 Re8 26.Re4 Bd4 27.Qg4 Bxf2+ 28.Kxf2 Nd4 29.Rfe1 Qf6  1/2-1/2

[Event "SWE-ch"]
[Site "?"]
[Date "1972.??.??"]
[Round "5"]
[White "Lekander, Rolf"]
[Black "Ornstein, Axel"]
[Result "1-0"]
[WhiteElo "2200"]
[BlackElo "2200"]

1.d4 Nf6 2.c4 g6 3.Nc3 d5 4.cxd5 Nxd5 5.e4 Nxc3 6.bxc3 Bg7 7.Bc4 c5 8.Ne2 Nc6
9.Be3 O-O 10.O-O Qc7 11.Rc1 Rd8 12.h3 b6 13.f4 e6 14.g4 Na5 15.Bd3 f5 16.Ng3 fxe4
17.Nxe4 Bb7 18.Qe2 Rac8 19.Ng5 cxd4 20.Bxd4 Qc6 21.Be4 Bxd4+ 22.cxd4 Qxc1
23.Bxg6 Qc4 24.Bxh7+ Kf8 25.Qe5 Qxd4+ 26.Qxd4 Rxd4 27.Nxe6+ Kf7 28.Nxd4 Rh8
29.Bf5 Rxh3 30.Be6+ Kg6 31.g5 Rh4 32.Nf5 Rg4+ 33.Kh2 Rg2+ 34.Kh3 Re2 35.Nh4+ Kg7
36.f5 Be4 37.f6+ Kf8 38.g6 Bg2+ 39.Nxg2 Rxe6 40.Kg4 Nc6 41.Kg5  1-0

[Event "CAN-ch"]
[Site "Toronto"]
[Date "1972.??.??"]
[Round "11"]
[White "Day, Lawrence A"]
[Black "Kuprejanov, George"]
[Result "0-1"]
[WhiteElo "2345"]
[BlackElo "2365"]

1.d4 Nf6 2.c4 g6 3.Nc3 d5 4.cxd5 Nxd5 5.e4 Nxc3 6.bxc3 Bg7 7.Bc4 c5 8.Ne2 Nc6
9.Be3 cxd4 10.cxd4 O-O 11.O-O Bg4 12.f3 Na5 13.Bd3 Bd7 14.Rb1 a6 15.Qd2 Rc8
16.Rfc1 Rxc1+ 17.Qxc1 b5 18.Qa3 e6 19.Qd6 Bc8 20.Qxd8 Rxd8 21.Rc1 Bb7 22.d5 Rc8
23.dxe6 Rxc1+ 24.Bxc1 fxe6 25.Bd2 Nc6 26.Bc3 e5 27.Kf1 Bc8 28.Bc2 Be6 29.Nc1 Bf8
30.Bb3 Bxb3 31.Nxb3 b4 32.Ba1 a5 33.Ke1 a4 34.Nc1 Bd6 35.Kd1 Kf7 36.Nd3 Ke6
37.Bb2 Na5 38.Kc2 Nc6 39.Bc1 Nd4+ 40.Kb1 Nc6 41.Be3 Nd4 42.Bxd4 exd4 43.h4 Kd7
44.Nb2 a3 45.Nd3 b3 46.axb3 Kc6 47.Ka2 h5 48.f4 Kb5 49.g3 Bf8 50.Kb1 Bb4
51.Kc2 Bd2 52.Kb1 Bb4 53.Ka1 Bd6 54.Ka2 Be7 55.Ne5 Kb4  0-1

[Event "CSR-ch"]
[Site "Trinec"]
[Date "1972.??.??"]
[Round "10"]
[White "Pribyl, Josef"]
[Black "Smejkal, Jan"]
[Result "1-0"]
[WhiteElo "2435"]
[BlackElo "2515"]

1.d4 Nf6 2.c4 g6 3.Nc3 d5 4.cxd5 Nxd5 5.e4 Nxc3 6.bxc3 Bg7 7.Bc4 c5 8.Ne2 O-O
9.O-O Nc6 10.Be3 Qc7 11.Rc1 Rd8 12.f4 Bg4 13.f5 Ne5 14.Bf4 g5 15.Bg3 cxd4
16.cxd4 Qb6 17.Bd5 Nc6 18.Bf2 Nxd4 19.Bxd4 Bxd4+ 20.Qxd4 Bxe2 21.Qxb6 axb6
22.Rf2 Ba6 23.Rb2 Rac8 24.Rxc8 Rxc8 25.Rxb6 Rc2 26.a4 Re2 27.h3 Kg7 28.Kh2 h5
29.h4 gxh4 30.Kh3 Bd3 31.Rb4 Ba6 32.a5 Kf6 33.Kxh4 Ke5  1-0

[Event "CSR-ch"]
[Site "Trinec"]
[Date "1972.??.??"]
[Round "14"]
[White "Jankovec, Ivan"]
[Black "Jansa, Vlastimil"]
[Result "1/2-1/2"]
[WhiteElo "2320"]
[BlackElo "2450"]

1.d4 Nf6 2.c4 g6 3.Nc3 d5 4.cxd5 Nxd5 5.e4 Nxc3 6.bxc3 Bg7 7.Bc4 O-O 8.Ne2 Nc6
9.Be3 b6 10.O-O Bb7 11.Qd2 Qd6 12.Bh6 Rad8 13.Bxg7 Kxg7 14.Ng3 Na5 15.Be2 f6
16.f4 f5 17.exf5 gxf5 18.Qd3 e6 19.Bf3 c5 20.Bxb7 Nxb7 21.Rad1 cxd4 22.cxd4 Rd7
23.Rfe1 Nd8 24.Qe3 Kg8 25.Nh5 Nc6 26.Kh1 Qd5 27.Qg3+ Kh8 28.Qg5 Rdf7 29.Re3 Rg8
30.Nf6 Rxg5 31.Nxd5 Rg6 32.Nc3 Rd7 33.g3 Kg7 34.Red3 Nb4 35.R3d2 Rc7 36.a3 Rxc3
37.axb4 Kf6 38.d5 exd5 39.Rxd5 Rc7 40.Re1 Rh6 41.h4 Rg6 42.Re3 Rf7 43.Kg2 Kg7
44.b5 Rgf6 45.Ree5 Kg6 46.Kf3 h5 47.Ke3 Kh6 48.Kd4 Rg6 49.Re3 Kh7 50.Rc3 Re6
51.Rc6 Re4+ 52.Kd3 Rb4 53.Kc3 Rb1 54.Kd4 Rb3 55.Rc3 Rxc3 56.Kxc3 Rg7 57.Rd3 Kg6
58.Kc4 Rc7+ 59.Kb4 Re7 60.Rd6+ Kf7 61.Kc4 Re3 62.Kd5 Rxg3 63.Rd7+ Kf6 64.Rxa7 Rc3
65.Rb7 Rc5+ 66.Kd6 Rxb5 67.Kc6 Rc5+ 68.Kd6 Rb5 69.Kc6 Rb4 70.Rxb6 Rxf4 71.Kd5+ Ke7
72.Ke5 Rxh4 73.Rb7+ Kd8 74.Kxf5 Rc4 75.Kg5 h4 76.Rh7 Ke8  1/2-1/2

[Event "Hoogovens"]
[Site "Wijk aan Zee"]
[Date "1972.??.??"]
[Round "8"]
[White "Hort, Vlastimil"]
[Black "Adorjan, Andras"]
[Result "1/2-1/2"]
[WhiteElo "2605"]
[BlackElo "2475"]

1.d4 g6 2.c4 Nf6 3.Nc3 d5 4.cxd5 Nxd5 5.e4 Nxc3 6.bxc3 Bg7 7.Bc4 c5 8.Ne2 Nc6
9.Be3 O-O 10.O-O Qc7 11.Rc1 Rd8 12.Bf4 Qd7 13.d5 Na5 14.Bd3 b5 15.Rb1 a6
16.Qc1 e5 17.Bg5 f6 18.Be3 c4 19.Bc2 Nb7 20.f4 Nd6 21.fxe5 fxe5 22.Qe1 Bb7
23.Qg3 Rf8 24.Rf3 Rf7 25.Kh1 Raf8 26.Ng1 Qc7 27.Qe1 Bc8 28.Rxf7 Nxf7 29.Nf3 Bd7
30.h3 Bh6 31.Bxh6 Nxh6 32.Qh4 Nf7 33.Qf6 Qa5 34.Rf1 Qd8 35.Qxa6 Ng5 36.Qd6 Nxf3
37.Rxf3 Rxf3 38.gxf3 Qh4 39.Qxd7 Qe1+ 40.Kh2 Qd2+  1/2-1/2

[Event "EU-chT"]
[Site "Bath"]
[Date "1973.??.??"]
[Round "7"]
[White "Gligoric, Svetozar"]
[Black "Schmidt, Wlodzimierz"]
[Result "1-0"]
[WhiteElo "2595"]
[BlackElo "2455"]

1.d4 Nf6 2.c4 g6 3.Nc3 d5 4.cxd5 Nxd5 5.e4 Nxc3 6.bxc3 Bg7 7.Bc4 c5 8.Ne2 O-O
9.O-O Nc6 10.Be3 cxd4 11.cxd4 Na5 12.Bd3 Nc6 13.Bb5 Bg4 14.f3 Bd7 15.Rb1 Na5
16.Bd3 Rc8 17.d5 b6 18.Ba6 Rc7 19.Qd3 Nb7 20.Bf4 Nd6 21.e5 Bf5 22.exd6 Bxd3
23.dxc7 Qxd5 24.Bxd3 Qxd3 25.Rfd1 Qxe2 26.Rd8 e5 27.Bd2 Qa6 28.Bb4 Qc4 29.Bxf8 Qxc7
30.Be7+ Bf8 31.Rxf8+ Kg7 32.Re8 Qd7 33.Bf8+ Kf6 34.Ra8 Qd4+ 35.Kh1 Qd3 36.Rg1 Qa6
37.a3 Qb7 38.Rd8 h5 39.Rgd1 Kg5 40.R8d7 Qc6 41.Rxa7 f6  1-0

[Event "Buenos Aires CA"]
[Site "Buenos Aires"]
[Date "1973.??.??"]
[Round "11"]
[White "Garcia, Raimundo"]
[Black "Poch, Caesar G"]
[Result "1-0"]
[WhiteElo "2455"]
[BlackElo "2300"]

1.d4 Nf6 2.c4 g6 3.Nc3 d5 4.cxd5 Nxd5 5.e4 Nxc3 6.bxc3 Bg7 7.Bc4 c5 8.Ne2 O-O
9.O-O Nc6 10.Be3 Qc7 11.Rc1 Rd8 12.Qd2 a6 13.Bh6 Bh8 14.Qg5 Na5 15.Bd3 Bf6
16.Qe3 Qd6 17.Rfd1 cxd4 18.cxd4 Qb6 19.d5 Qb4 20.e5 Bg7 21.Bxg7 Kxg7 22.Nf4 b5
23.d6 exd6 24.Nh5+ Kg8 25.Qg5  1-0

[Event "FRG-ch International"]
[Site "Dortmund"]
[Date "1973.??.??"]
[Round "5"]
[White "Spassky, Boris V"]
[Black "Dueball, Juergen"]
[Result "1/2-1/2"]
[WhiteElo "2660"]
[BlackElo "2425"]

1.c4 Nf6 2.Nc3 g6 3.d4 d5 4.cxd5 Nxd5 5.e4 Nxc3 6.bxc3 Bg7 7.Bc4 c5 8.Ne2 Nc6
9.Be3 O-O 10.O-O cxd4 11.cxd4 Bg4 12.f3 Na5 13.Bd3 Be6 14.Rc1 Bxa2 15.Qa4 Be6
16.d5 Bd7 17.Qb4 e6 18.Nc3 b6 19.Ba6 Qf6 20.f4 exd5 21.Nxd5 Qb2 22.Ne7+ Kh8
23.Qxb2 Bxb2 24.Rc7 Rfd8 25.Rd1 Be6 26.Rxd8+ Rxd8 27.Rxa7 Nc4 28.Bxc4 Bxc4
29.Bxb6 Bd4+ 30.Bxd4+ Rxd4  1/2-1/2

[Event "DSV-Turnier"]
[Site "Leipzig"]
[Date "1973.??.??"]
[Round "1"]
[White "Balashov, Yuri S"]
[Black "Schmidt, Wlodzimierz"]
[Result "1/2-1/2"]
[WhiteElo "2580"]
[BlackElo "2455"]

1.d4 Nf6 2.c4 g6 3.Nc3 d5 4.cxd5 Nxd5 5.e4 Nxc3 6.bxc3 Bg7 7.Bc4 c5 8.Ne2 O-O
9.O-O Nc6 10.Be3 Qc7 11.Rc1 Rd8 12.f4 e6 13.Qe1 Na5 14.Bd3 f5 15.g4 b6 16.Ng3 Bb7
17.Qf2 Qd6 18.Rcd1 cxd4 19.cxd4 fxg4 20.d5 exd5 21.e5 Qe7 22.f5 Rf8 23.Bf4 gxf5
24.Nxf5 Rxf5 25.Bxf5 Rf8 26.Qc2 Nc4 27.Rde1 Qc5+ 28.Rf2 Kh8 29.e6 d4 30.e7 Re8
31.Bxg4 d3 32.Qxd3 Bd4 33.Kf1 Bxf2 34.Qd8 Bc6 35.Bd7 Nd2+ 36.Bxd2 Qb5+ 37.Kxf2 Bxd7
38.Re3 Qf5+ 39.Rf3 Qc5+ 40.Re3 Qf5+ 41.Rf3  1/2-1/2

[Event "DSV-Turnier"]
[Site "Leipzig"]
[Date "1973.??.??"]
[Round "8"]
[White "Gruenberg, Hans Ulrich"]
[Black "Schmidt, Wlodzimierz"]
[Result "1/2-1/2"]
[WhiteElo "2290"]
[BlackElo "2455"]

1.d4 Nf6 2.c4 g6 3.Nc3 d5 4.cxd5 Nxd5 5.e4 Nxc3 6.bxc3 Bg7 7.Bc4 c5 8.Ne2 O-O
9.O-O Nc6 10.Be3 Qc7 11.Qc1 e6 12.Rd1 Na5 13.Bd3 b6 14.dxc5 bxc5 15.Qa3 Nb7
16.Rab1 Rd8 17.Bg5 Rd7 18.Qa4 Nd6 19.f4 e5 20.fxe5 Bxe5 21.Nf4 Bb7 22.Rxb7 Nxb7
23.Nd5 Rxd5 24.exd5 Bxh2+ 25.Kh1 Qe5 26.Bh4 Bg3 27.Bxg3 Qxg3 28.Qc6 Rb8 29.Rb1 Qxd3
30.Rxb7 Rd8 31.Rxf7 Qxd5 32.Qxd5 Rxd5 33.Rxa7 Rd3 34.Rc7 Rxc3 35.a4 Ra3 36.Rxc5 Rxa4
37.Rc7 Rf4 38.Kh2 Rf7 39.Rc6 Kg7 40.g4  1/2-1/2

[Event "CSR-ch"]
[Site "Luhacovice"]
[Date "1973.??.??"]
[Round "1"]
[White "Smejkal, Jan"]
[Black "Malich, Burkhard"]
[Result "1-0"]
[WhiteElo "2545"]
[BlackElo "2490"]

1.d4 Nf6 2.c4 g6 3.Nc3 d5 4.cxd5 Nxd5 5.e4 Nxc3 6.bxc3 Bg7 7.Bc4 c5 8.Ne2 Nc6
9.Be3 cxd4 10.cxd4 Qa5+ 11.Bd2 Qa3 12.Rb1 O-O 13.O-O Bg4 14.f3 Be6 15.Bc1 Qa5
16.Bxe6 fxe6 17.Rxb7 Rad8 18.Qb3 Qa6 19.Qxe6+ Kh8 20.Rb2 Rd6 21.Qb3 Nxd4
22.Nxd4 Bxd4+ 23.Be3 Bg7 24.Qb5 Qa3 25.Re2 a6 26.Bc5 axb5 27.Bxa3 Rd7 28.Rc1 Kg8
29.e5 Ra8 30.Bb4 Rd5 31.f4 e6 32.g3 g5 33.fxg5 Bxe5 34.Kg2 Kf7 35.h4 Ra7
36.Rf1+ Kg6 37.Rfe1 Kf5 38.Kh3 Bd4 39.Rf1+ Kg6 40.Rxe6+ Kg7 41.Bf8+ Kg8 42.Re8  1-0

[Event "ARG-ch"]
[Site "Santa Fe"]
[Date "1973.??.??"]
[Round "1"]
[White "Aparicio, Anibal"]
[Black "Bronstein, Luis"]
[Result "0-1"]
[WhiteElo "2200"]
[BlackElo "2365"]

1.d4 Nf6 2.c4 g6 3.Nc3 d5 4.cxd5 Nxd5 5.e4 Nxc3 6.bxc3 Bg7 7.Bc4 c5 8.Ne2 O-O
9.O-O Nc6 10.Be3 Qc7 11.Rc1 Rd8 12.Qe1 Qa5 13.Rd1 cxd4 14.cxd4 b6 15.Bd2 Qa4
16.Bb3 Qb5 17.Rb1 Qd3 18.d5 Ba6 19.Ng3 Nd4 20.Qd1 h5 21.Bg5 Nxb3 22.Rxb3 Qxd1
23.Rxd1 Rd7 24.Rc1 Re8 25.Ra3 Bb5 26.Rb3 Ba6 27.Nf1 e6 28.Ra3 Bxf1 29.Kxf1 exd5
30.Rd3 Rxe4 31.f3 Re8 32.Rcd1 d4 33.Re1 Rc8 34.h4 b5 35.a3 a5 36.Bd2 Ra8  0-1

[Event "ARG-ch"]
[Site "Santa Fe"]
[Date "1973.??.??"]
[Round "2"]
[White "Jovanovich, M."]
[Black "Hase, Ricardo"]
[Result "0-1"]
[WhiteElo "2200"]
[BlackElo "2280"]

1.d4 Nf6 2.c4 g6 3.Nc3 d5 4.cxd5 Nxd5 5.e4 Nxc3 6.bxc3 Bg7 7.Bc4 O-O 8.Ne2 Nc6
9.Be3 Na5 10.Bd3 b6 11.O-O Qd7 12.Rc1 Bb7 13.f3 c5 14.Qd2 Rfd8 15.Rfd1 Qa4
16.Qc2 Qxc2 17.Bxc2 Ba6 18.Bd3 Bxd3 19.Rxd3 Nc4 20.Kf2 e5 21.g3 Rac8 22.d5 f5
23.exf5 gxf5 24.Rc2 Rd7 25.Bg5 Kf7 26.g4 fxg4 27.fxg4 Kg6 28.h4 Rf8+ 29.Kg2 h6
30.Bc1 Rfd8 31.Ng3 Rxd5 32.Rxd5 Rxd5 33.Nf5 Rd3 34.h5+ Kh7 35.Kf2 e4 36.Ng3 Nd6
37.Bd2 Be5 38.Ne2 Nc4 39.Bc1 Rh3 40.Kg1 Rh4 41.Kf2  0-1